It happened in Arizona : (Record no. 222)
[ view plain ]
| 000 -LEADER | |
|---|---|
| fixed length control field | 02263cam a2200289 a 4500 |
| 005 - DATE AND TIME OF LATEST TRANSACTION | |
| control field | 20260322212011.0 |
| 008 - FIXED-LENGTH DATA ELEMENTS--GENERAL INFORMATION | |
| fixed length control field | data |
| 010 ## - LIBRARY OF CONGRESS CONTROL NUMBER | |
| LC control number | 2009034942 |
| 020 ## - INTERNATIONAL STANDARD BOOK NUMBER | |
| International Standard Book Number | 9780762754205 (pbk.) |
| 020 ## - INTERNATIONAL STANDARD BOOK NUMBER | |
| International Standard Book Number | 0762754206 |
| 040 ## - CATALOGING SOURCE | |
| Original cataloging agency | DLC |
| Transcribing agency | DLC |
| Modifying agency | DLC |
| 043 ## - GEOGRAPHIC AREA CODE | |
| Geographic area code | n-us-az |
| 050 00 - LIBRARY OF CONGRESS CALL NUMBER | |
| Classification number | F811.6 |
| Item number | .C78 2010 |
| 082 00 - DEWEY DECIMAL CLASSIFICATION NUMBER | |
| Classification number | 979.1 |
| Edition information | 22 |
| 092 ## - LOCALLY ASSIGNED DEWEY CALL NUMBER (OCLC) | |
| Classification number | 979.1 C78 2010 |
| 001 - CONTROL NUMBER | |
| control field | data |
| 100 1# - MAIN ENTRY--PERSONAL NAME | |
| Personal name | Crutchfield, James Andrew, |
| Dates associated with a name | 1938- |
| 245 10 - TITLE STATEMENT | |
| Title | It happened in Arizona : |
| Remainder of title | remarkable events that shaped history / |
| Statement of responsibility, etc. | James Andrew Crutchfield. |
| 250 ## - EDITION STATEMENT | |
| Edition statement | 2nd ed. |
| 260 ## - PUBLICATION, DISTRIBUTION, ETC. | |
| Place of publication, distribution, etc. | Guilford, Conn. : |
| Name of publisher, distributor, etc. | Globe Pequot Press, |
| Date of publication, distribution, etc. | 2010. |
| 300 ## - PHYSICAL DESCRIPTION | |
| Extent | vi, 153 p. : |
| Other physical details | map ; |
| Dimensions | 23 cm. |
| 490 0# - SERIES STATEMENT | |
| Series statement | It happened in series |
| 504 ## - BIBLIOGRAPHY, ETC. NOTE | |
| Bibliography, etc. note | Includes bibliographical references and index. |
| 505 0# - FORMATTED CONTENTS NOTE | |
| Formatted contents note | The first irrigation experiments-A.D. 1200 -- An early view of the Grand Canyon-1540 -- The arrival of Father Kino-1687 -- A battle with the Tohono O' Odham -1827 -- Colonel Cooke's march through Tucson-1846 -- The making of a ghost town-1849 -- The ordeal of the Oatman girls-1851 -- An excursion into northern Arizona-1851 -- The great railroad survey-1853 -- The Gadsden Purchase-1854 -- Trouble with camels-1857 -- The brief success of the overland mail-1858 -- The Confederate conquest of Arizona-1862 -- Kit Carson's victory over the Navajos-1864 -- Powell's Grand Canyon adventure-1869 -- The Camp Grant Massacre-1871 -- Billy the Kid's first murder-1877 -- The apathetic reign of John Fremont-1878 -- The debut of the Tombstone epitaph-1880 -- The gunfight at the OK Corral-1881 -- The Pleasant Valley War-1887 -- The valor of the buffalo soldiers-1889 -- The remarkable career of Pete Kitchen-1895 -- The last battle of Buckey O'Neill-1898 -- The last stagecoach robbery-1899 -- The inglorious death of Geronimo-1909 -- The long road to statehood-1912 -- Frank Luke's final flight-1918 -- The tree-ring secret-1929 -- The discovery of Pluto-1930 -- The integrity of Trader Hubbell-1930 -- The biggest dam in the world-1936 -- Zane Grey-s love affair with Arizona-1939 -- The making of Barry Goldwater-1964 -- The demise of a highway-1984 -- The Rodeo-Chediski fire-2002 -- A potpourri of Arizona facts. |
| 651 #0 - SUBJECT ADDED ENTRY--GEOGRAPHIC NAME | |
| Geographic name | Arizona |
| General subdivision | History |
| Form subdivision | Anecdotes. |
| 651 #0 - SUBJECT ADDED ENTRY--GEOGRAPHIC NAME | |
| Geographic name | Arizona |
| Form subdivision | Anecdotes. |
| -- | Anecdotes. |
| Withdrawn status | Lost status | Damaged status | Not for loan | Home library | Current library | Shelving location | Date acquired | Total checkouts | Full call number | Barcode | Date last seen | Price effective from | Koha item type |
|---|---|---|---|---|---|---|---|---|---|---|---|---|---|
| Pleasant Valley | Pleasant Valley | General stacks | 22/03/2026 | 979.1 22 | BC0010230 | 22/03/2026 | 22/03/2026 | Books |